Trends of change in the bhakti movement in Bengal / (Record no. 173209)

MARC details
000 -LEADER
fixed length control field 00662nam a22001937a 4500
005 - DATE AND TIME OF LATEST TRANSACTION
control field 20200220120052.0
010 ## - LCCN (DPL NO)
LC control number ENG-127906
020 ## - INTERNATIONAL STANDARD BOOK NUMBER
Terms of availability 250.00
International Standard Book Number 9780199486700
035 ## - SYSTEM CONTROL NUMBER
System control number EN-111438
037 ## - SOURCE OF ACQUISITION
Source of stock number/acquisition DBAD/PUB
082 ## - DEWEY DECIMAL CLASSIFICATION NUMBER
Classification number 232
100 ## - MAIN ENTRY--PERSONAL NAME
Personal name Sanyal, Hitesranjan.
245 ## - TITLE STATEMENT
Title Trends of change in the bhakti movement in Bengal /
Statement of responsibility, etc Hitesranjan Sanyal ; introduction by Gautam Bhadra.
260 ## - PUBLICATION, DISTRIBUTION, ETC. (IMPRINT)
Place of publication, distribution, etc New Delhi
Date of publication, distribution, etc 2019
Name of publisher, distributor, etc Oxford University Press
270 ## - ADDRESS
Address 2/11 Ground Floor,Ansari Road,Dariyaganj
Postal code 110002
City New Delhi
300 ## - PHYSICAL DESCRIPTION
Extent 89p.
Other physical details 18 cm(hb)
500 ## - GENERAL NOTE
General note includes bibliographical references and index
942 ## - ADDED ENTRY ELEMENTS (KOHA)
Source of classification or shelving scheme Dewey Decimal Classification
Item type English Books
Classification part 232
Call number suffix SAN
Holdings
Withdrawn status Lost status Not for loan Collection code Home library Current library Date acquired Source of acquisition Cost, normal purchase price Full call number Barcode Copy number Cost, replacement price Koha item type
      Non-fiction Shahdara Branch Shahdara Branch 20/02/2020 DBAD/PUB 250.00 232 SAN EN-111438 1 250.00 English Books

© Delhi Public Library
Hit Counter
free hit counter